Naghangal (Record no. 30240)

000 -LEADER
fixed length control field 00477nam a22001691a 4500
020 ## - INTERNATIONAL STANDARD BOOK NUMBER
International Standard Book Number 9788185226231
Terms of availability 0.00
040 ## - CATALOGING SOURCE
Original cataloging agency SSUS - Library - Kalady
082 ## - DEWEY DECIMAL CLASSIFICATION NUMBER
Classification number M3 CHA NAK
Item number N96
100 ## - MAIN ENTRY--PERSONAL NAME
Personal name Chandrashekharan Nair Vaikom
245 ## - TITLE STATEMENT
Title Naghangal
Medium [Text]
260 ## - PUBLICATION, DISTRIBUTION, ETC.
Place of publication, distribution, etc. Kottayam
Name of publisher, distributor, etc. Kairali Mudralayam
Date of publication, distribution, etc. 1996
300 ## - PHYSICAL DESCRIPTION
Extent 366p.
500 ## - GENERAL NOTE
General note Novel-Malayalam Chandrashekharan Nair Vaikom
600 ## - SUBJECT ADDED ENTRY--PERSONAL NAME
Personal name Novel Malayalam
852 ## - LOCATION
-- 99.00
--
942 ## - ADDED ENTRY ELEMENTS (KOHA)
Koha item type Book
Holdings
Withdrawn status Lost status Damaged status Not for loan Permanent Location Current Location Date acquired Cost, normal purchase price Total Checkouts Full call number Barcode Date last seen Cost, replacement price Price effective from Koha item type
        Sree Sankaracharya University of Sanskrit Sree Sankaracharya University of Sanskrit 08.01.2015 99.00   M3 CHA NAK N96 2388 08.01.2015 0.00 08.01.2015 Book